000115986 001__ 115986 000115986 005__ 20230404134422.0 000115986 0247_ $$2ISSN$$a0921-092X 000115986 0247_ $$2HSB$$aalm10098662x 000115986 0247_ $$2ISBN$$a1-402-00497-4 000115986 037__ $$aRWTH-CONV-187558 000115986 041__ $$aEnglish 000115986 1001_ $$0P:(DE-82)017091$$aKühn, Michael$$b0$$eAuthor 000115986 1112_ $$aEuropean Union of Geosciences special symposium on 'water-rock interaction'$$cStrasbourg$$d1999 - 1999$$gEUG10$$wFrance 000115986 245__ $$aModeling Brine Rock Interaction in Geothermal Reservoirs$$hprint 000115986 260__ $$aDordrecht [u.a.]$$bKluwer$$c2002 000115986 29510 $$aWater-rock interaction : [papers from the European Union of Geosciences special symposium on 'water-rock interaction' at the EUG10 biannual meeting in Strasbourg 1999] / ed. by Ingrid Stober and Kurt Bucher 000115986 300__ $$a147-169 000115986 3367_ $$0PUB:(DE-HGF)8$$2PUB:(DE-HGF)$$aContribution to a conference proceedings$$bcontrib$$mcontrib 000115986 3367_ $$033$$2EndNote$$aConference Paper 000115986 3367_ $$2ORCID$$aCONFERENCE_PAPER 000115986 3367_ $$2DataCite$$aOutput Types/Conference Paper 000115986 3367_ $$2DRIVER$$aconferenceObject 000115986 3367_ $$2BibTeX$$aINPROCEEDINGS 000115986 3367_ $$0PUB:(DE-HGF)7$$2PUB:(DE-HGF)$$aContribution to a book 000115986 4900_ $$aWater science and technology library$$v40 000115986 7001_ $$0P:(DE-82)041752$$aBartels, J.$$b1$$eAuthor 000115986 7001_ $$0P:(DE-82)037168$$aPape, H.$$b2$$eAuthor 000115986 7001_ $$0P:(DE-82)005211$$aSchneider, W.$$b3$$eAuthor 000115986 7001_ $$0P:(DE-82)IDM00766$$aClauser, Christoph$$b4$$eAuthor 000115986 909CO $$ooai:publications.rwth-aachen.de:115986$$pVDB 000115986 9151_ $$0StatID:(DE-HGF)0031$$2StatID$$aPeer reviewed article 000115986 9201_ $$0I:(DE-82)532610_20140620$$k532610$$lLehrstuhl für Applied Geophysics and Geothermal Energy$$x0 000115986 9201_ $$0I:(DE-82)530000_20140620$$k530000$$lFachgruppe für Geowissenschaften und Geographie$$x1 000115986 961__ $$c2013-06-08$$x2008-12-15 000115986 970__ $$aalm10098662x 000115986 980__ $$acontrib 000115986 980__ $$aI:(DE-82)532610_20140620 000115986 980__ $$aI:(DE-82)530000_20140620 000115986 980__ $$aVDB 000115986 980__ $$aUNRESTRICTED 000115986 980__ $$aConvertedRecord 000115986 980__ $$acontb